| 000 | 00381nam a2200145Ia 4500 | ||
|---|---|---|---|
| 005 | 20250319115924.0 | ||
| 008 | 231217s9999 xx 000 0 und d | ||
| 020 | _a9788185623221 | ||
| 082 | _a001.6424TUR LAF;33 | ||
| 100 | _aLafore, Robert. | ||
| 245 | 0 | _aObject-oriented programming in turbo C++ | |
| 260 |
_c2010 _bGalgotia _aNew Delhi |
||
| 300 | _axxvi, 739 | ||
| 942 | _cAA | ||
| 999 |
_c184585 _d184585 |
||